000 00675cam a22002417a 4500
999 _c5078
_d5078
001 3481960
003 GBCCL
005 20241126110533.0
008 931215s1993 mou 000 0 eng
010 _a 93243626
020 _a0570035481
040 _aDLC
_cDLC
_dDLC
050 0 0 _aMLCS 93/15554 (B)
082 _a234.163
_bMEL
100 1 _aMelheim, Richard Alan.
_99151
245 1 0 _aWelcome to the Lord's table /
_cRichard A. Melheim.
260 _aSt. Louis :
_bConcordia Pub. House,
_cc1993.
300 _a45 p. ;
_c22 cm.
650 _aLord's supper
_92158
906 _a7
_bcbc
_corignew
_d4
_encip
_f19
_gy-gencatlg
942 _2ddc
_cBK
_01